000
00252nam a2200097Ia 4500
082
_a
AF BIER
245
0
_a
Rooikop vir vlug 609
100
_a
BIERMAN, Ettie [S.l.], 1978
_9
98059
942
_c
BK
008
210817s9999 xx 000 0 und d
999
_c
415739
_d
415738